000 01783nam0a2200385 4500
001 RU\NLR\BIBL_A\021968795
005 20230713150219.0
010 _a978-5-17-156456-8
_91500
021 _aRU
_bКН-П-23-032914
_9КН-П-23-3261
035 _a(NLR Aleph) 021968795
035 _a(RuMoRGB)011801725
090 _a12352264
_c12352264
100 _a20230626d2023 u y0rusy50 ca
101 0 _arus
102 _aRU
105 _ay|||z||||||z|
181 1 _ai3
_baxxe
182 1 _an
200 1 _aМягкий менеджмент
_eкак привлекать лучших, развивать способных и руководить эффективно
_fИгорь Ниесов, Екатерина Тышковская
203 _aТекст
_bвизуальный
_cнепосредственный
210 _aМосква
_cАСТ
_d2023
215 _a366, [1] с.
_cграф.
_d22
225 1 _aУмный бизнес
300 _aНа 4-й с. обл. авт.: канд. психол. наук, д-р философии, преп. И. Ниесов, преп. Е. Тышковская имеет степень МВА
300 _aЧасть информ. в кн. размещена в электрон. версии, доступ к которой в ссылках QR-кодов
333 _a16+
606 1 _aМенеджмент
_jПопулярные издания
_xСоциально-психологические исследования
_92189012
_3RU\NLR\AUTH\661315965
686 1 _aУ21(0)я9
686 1 _aС550.373.2я9
700 1 _aНиесов
_bИ.
_gИгорь
701 1 _aТышковская
_bЕ.
_gЕкатерина
942 _cBOOK
980 _aNB